| 000 | 00687pam a2200217 a 4500 | ||
|---|---|---|---|
| 001 | 4363294 | ||
| 005 | 20231123010720.0 | ||
| 008 | 900910s1991 nyu br 000 0 eng | ||
| 020 | _a1558610316 (alk. paper) : | ||
| 020 | _a1558610324 (pbk. : alk. paper) : | ||
| 040 |
_aDLC _cDLC _dDLC |
||
| 082 | 0 | 0 |
_a305.4/07 _220 |
| 245 | 0 | 0 |
_aWomen's studies international : _bNairobi and beyond / _cedited by Aruna Rao. |
| 260 |
_aNew York : _bFeminist Press at the City University of New York : _bDistributed by Talman, _c1991. |
||
| 300 | _axii, 349 p. ; | ||
| 650 | 0 | _aWomen's studies. | |
| 650 | 0 | _aWomen in development. | |
| 650 | 0 | _aWomen's studies | |
| 700 | 1 |
_aRao, Aruna _eedt |
|
| 942 | _cL | ||
| 999 |
_c60 _d60 |
||